Central Library OPAC University of Rajshahi

Subjective well-Being of Women in Relation to their Education Employment Status and Marital Adjustment : (Record no. 84158)

MARC details
000 -LEADER
fixed length control field 01117nam a2200253 a 4500
001 - CONTROL NUMBER
RUCL Control Number 84158
003 - CONTROL NUMBER IDENTIFIER
rucl marc code BD-RjUL
005 - DATE AND TIME OF LATEST TRANSACTION
control field 20241023150155.0
008 - FIXED-LENGTH DATA ELEMENTS--GENERAL INFORMATION
fixed length control field 241023s2022 bg a|||| m||| 00| 0 eng d
035 ## - SYSTEM CONTROL NUMBER
system control number (BD-RjUL)84158
040 ## - CATALOGING SOURCE
Original cataloging agency BD-RjUL
Language of cataloging eng
Transcribing agency BD-RjUL
Modifying agency BD-RjUL
041 ## - LANGUAGE CODE
Language code of Book eng
082 ## - DEWEY DECIMAL CLASSIFICATION NUMBER
DDC Edition number 23
Classification number 306.18
Author mark and Year FES 2022
100 ## - MAIN ENTRY--PERSONAL NAME
Personal name Ferdous, Jannatul
9 (RLIN) 3103
245 10 - TITLE STATEMENT
Title Subjective well-Being of Women in Relation to their Education Employment Status and Marital Adjustment :
Remainder of title A Study on Sherpur District /
Statement of responsibility, etc By Jannatul Ferdous ;
Name of Supervisor/Co-Supervisor Co-Supervisor : Md. Abdul Latif, Supervisor : Murshida Ferdous Binte Habib
260 ## - PUBLICATION, DISTRIBUTION, ETC. (IMPRINT)
Place of publication, distribution, etc Rajshahi :
Name of publisher, distributor, etc Department of Psychology Faculty of Biological Sciences, University of Rajshahi,
Date of publication, distribution, etc 2022
300 ## - PHYSICAL DESCRIPTION
Pagination ix, 187 Leaves :
Other physical details ill, ;
Dimensions 29 cm.
502 ## - DISSERTATION NOTE
Dissertation note Thesis (Ph. D.) -- Department of Psychology Faculty of Biological Sciences, University of Rajshahi, 2022
504 ## - BIBLIOGRAPHY, ETC. NOTE
Bibliography, etc References : Leaves 122-166
650 ## - SUBJECT ADDED ENTRY--TOPICAL TERM
Topical term or geographic name as entry element Women
Form subdivision Marital
9 (RLIN) 13915
700 ## - ADDED ENTRY--SUPERVISOR/CO-SUPERVISOR NAME
Personal name Latif, Md. Abdul, Co-Supervisor
9 (RLIN) 13916
Personal name Habib, Murshida Ferdous Binte, Supervisor
9 (RLIN) 13917
942 ## - ADDED ENTRY ELEMENTS (KOHA)
Source of classification or shelving scheme Dewey Decimal Classification
Koha item type Theses
Holdings
Source of classification or shelving scheme Damaged status Not for loan Collection code Permanent Location Current Location Shelving location Date of accession Source of acquisition Total Checkouts Full call number Barcode Date last seen Copy number Thesis
Dewey Decimal Classification   Not For Loan Theses Central Library, University of Rajshahi Central Library, University of Rajshahi Documentation Section 27/11/2023 Controller of Exam. R.U.   THE 306.18 FES 2022 D4935 23/10/2024 C-I Theses